Central Library OPAC University of Rajshahi

Two worlds : (Record no. 23668)

MARC details
000 -LEADER
fixed length control field 00684nam a2200229 a 4500
001 - CONTROL NUMBER
control field 23668
003 - CONTROL NUMBER IDENTIFIER
rucl marc code BD-RjUL
005 - DATE AND TIME OF LATEST TRANSACTION
control field 20211209000945.0
008 - FIXED-LENGTH DATA ELEMENTS--GENERAL INFORMATION
fixed length control field 140311s1957 enk 000 0deng d
035 ## - SYSTEM CONTROL NUMBER
System control number (BD-RjUL)23733
040 ## - CATALOGING SOURCE
Original cataloging agency DLC
Transcribing agency TJC
Modifying agency OCL
-- UKM
-- BD-RjUL
Language of cataloging eng
041 ## - LANGUAGE CODE
Language code of text/sound track or separate title eng
082 ## - DEWEY DECIMAL CLASSIFICATION NUMBER
Classification number 296
Author mark and year DAT 1957
100 1# - MAIN ENTRY--PERSONAL NAME
Personal name Daiches, David,
Dates associated with a name 1912-2005
9 (RLIN) 52486
245 10 - TITLE STATEMENT
Title Two worlds :
Remainder of title an Edinburgh Jewish childhood /
Statement of responsibility, etc. by David Daiches.
260 ## - PUBLICATION, DISTRIBUTION, ETC. (IMPRINT)
Place of publication, distribution, etc. London :
Name of publisher, distributor, etc. Macmillan ;
Place of publication, distribution, etc. New York :
Name of publisher, distributor, etc. St. Martin's Press,
Date of publication, distribution, etc. 1957.
300 ## - PHYSICAL DESCRIPTION
Pagination 151 p. ;
Size 23 cm.
650 #0 - SUBJECT ADDED ENTRY--TOPICAL TERM
Topical term or geographic name as entry element Jews
Geographic subdivision Scotland
-- Edinburgh.
9 (RLIN) 72866
942 ## - ADDED ENTRY ELEMENTS (KOHA)
Source of classification or shelving scheme Dewey Decimal Classification
Koha item type Books
Holdings
Lost status Source of classification or shelving scheme Damaged status Not for loan Collection code Permanent Location Current Location Shelving location Date acquired Source of acquisition Cost, normal purchase price Total Checkouts Full call number Date last seen Copy number Koha item type
  Dewey Decimal Classification   Added to bundle Non-fiction Central Library, University of Rajshahi Central Library, University of Rajshahi Reading Room 23/10/1968 Zeitlinger 18.00   296 DAT 1957 11/03/2014 C-1 Books
  Dewey Decimal Classification     Non-fiction Central Library, University of Rajshahi Central Library, University of Rajshahi   23/10/1968 Zeitlinger 18.00   296 DAT 1957 11/03/2014 C-2 Books
  Dewey Decimal Classification     Non-fiction Central Library, University of Rajshahi Central Library, University of Rajshahi   23/08/1968 Zeitlinger 18.00   296 DAT 1957 12/03/2014 C-3 Books